| 000 | 00000nam##2200000za#4500 |
| 001 | 9.696428 |
| 003 | CaOODSP |
| 005 | 20250506145324 |
| 007 | cr ||||||||||| |
| 008 | 150407|1990||||xxc|||||o f|0| 0 eng|d |
| 040 | |aCaOODSP|beng |
| 043 | |an-cn--- |
| 086 | 1 |aA22-119/1990E-PDF |
| 110 | 1 |aCanada.|bAgriculture Canada. |
| 245 | 14|aThe commercial development of creams in Canada |h[electronic resource] |
| 260 | |bAgriculture Canada |cc1990. |
| 300 | |a10p.|bfigs., references, tables |
| 500 | |aThe catalogue number (A22-119/1990) and ISBN (0-662-57679-9) for the bilingual print edition have been incorrectly copied in this electronic publication. |
| 590 | |a12-32-Supp|b2012-07-11 |
| 690 | 07|aCream|2gcpds |
| 775 | 08|tLe développement commercial des crèmes au Canada |w(CaOODSP)9.640542 |
| 856 | 40|ahttp://publications.gc.ca|qPDF|s585 KB|uhttps://publications.gc.ca/collections/collection_2012/agr/A22-119-1990-eng.pdf |